[Event "George Trundle Qualifier"]
[Site "Auckland"]
[Date "2009.09.28"]
[Round "3"]
[White "Shen, Daniel"]
[Black "Stuart, Peter W"]
[Result "1-0"]
[WhiteElo "2125"]
[BlackElo "2074"]
[PlyCount "81"]
[EventDate "2009.09.26"]
[EventType "tourn"]
[EventRounds "9"]
[EventCountry "NZL"]
[SourceTitle "EXT 2018"]
[Source "ChessBase"]
[SourceDate "2017.10.13"]
[SourceVersion "1"]
[SourceVersionDate "2017.10.13"]
[SourceQuality "1"]

1. e4 c5 2. Nf3 e6 3. c4 Nc6 4. Nc3 d6 5. d4 cxd4 6. Nxd4 Nf6 7. Be2 Be7 8. Be3 a6 9. 0-0 0-0 10. Rc1 Bd7 11. f3 Nxd4 12. Qxd4 b5 13. a3 Qb8 14. cxb5 axb5 15. Rfd1 Rd8 16. Qb6 b4 17. Qxb4 Qxb4 18. axb4 Bc6 19. b5 Bb7 20. b6 d5 21. exd5 Nxd5 22. Nxd5 Bxd5 23. Bc4 Rab8 24. Bxd5 exd5 25. Rd3 Kf8 26. Rcd1 d4 27. Rxd4 Rxd4 28. Bxd4 Ke8 29. Ra1 Bd8 30. Ra6 Rb7 31. Kf1 Kd7 32. Ra7 Kc6 33. Rxb7 Kxb7 34. Ke2 g6 35. Kd3 Be7 36. Kc4 Kc6 37. b4 Bd6 38. h3 Bg3 39. b5+ Kb7 40. Kd5 f5 41. Ke6 1-0

[Event "Queenstown op"]
[Site "Queenstown"]
[Date "2009.01.21"]
[Round "7"]
[White "Shen, Daniel"]
[Black "Lyell, Mark"]
[Result "1-0"]
[WhiteElo "2098"]
[BlackElo "2287"]
[PlyCount "119"]
[EventDate "2009.01.15"]
[EventType "swiss"]
[EventRounds "10"]
[EventCountry "NZL"]
[SourceTitle "CBM 128 Extra"]
[Source "ChessBase"]
[SourceDate "2009.03.05"]
[SourceVersion "2"]
[SourceVersionDate "2009.03.25"]
[SourceQuality "1"]

1. e4 e5 2. Nf3 Nc6 3. Bc4 Nf6 4. d3 d5 5. exd5 Nxd5 6. 0-0 Bg4 7. Nbd2 Be7 8. h3 Bh5 9. Ne4 0-0 10. Ng3 Bg6 11. Re1 Bf6 12. Ne4 Nf4 13. Bd2 Bh5 14. Bc3 Nd4 15. Bxd4 exd4 16. Ng3 Bg6 17. Qd2 Nd5 18. Ne4 Nb6 19. Bb3 a5 20. Nxf6+ Qxf6 21. a4 Nd7 22. Qe2 Nc5 23. Bc4 Bh5 24. g4 Bg6 25. Kg2 Rad8 26. Qe5 Qc6 27. h4 Rfe8 28. Qxe8+ Rxe8 29. Bb5 Rxe1 30. Rxe1 Qe6 31. Rxe6 fxe6 32. Nxd4 e5 33. Nf3 e4 34. Ne5 exd3 35. Nxd3 Bxd3 36. cxd3 Kf8 37. Kf1 c6 38. d4 Ne6 39. Bd3 h6 40. Ke2 Nxd4+ 41. Ke3 Ne6 42. f4 Ke7 43. f5 Nc5 44. Bc2 b5 45. Kd4 Kd6 46. b3 bxa4 47. bxa4 Nd7 48. g5 hxg5 49. hxg5 Ne5 50. Ke4 c5 51. Bd1 Nf7 52. g6 Nh6 53. f6 gxf6 54. Bb3 c4 55. Bxc4 Kc5 56. Be6 Kb4 57. Kf4 Kc5 58. g7 Kb4 59. Kg3 Kxa4 60. Kh4 1-0

[Event "Wch U14"]
[Site "Vung Tau"]
[Date "2008.10.24"]
[Round "6"]
[White "Shen, Daniel"]
[Black "Chua, Xing Jian Graham"]
[Result "0-1"]
[WhiteElo "2044"]
[BlackElo "2229"]
[PlyCount "76"]
[EventDate "2008.10.20"]
[EventType "swiss"]
[EventRounds "11"]
[EventCountry "VIE"]
[SourceTitle "EXT 2009"]
[Source "ChessBase"]
[SourceDate "2008.11.26"]
[SourceVersion "1"]
[SourceVersionDate "2008.11.26"]
[SourceQuality "1"]

1. e4 c5 2. Nf3 Nc6 3. Bb5 Nf6 4. Nc3 Qc7 5. 0-0 Nd4 6. Bc4 a6 7. a4 e6 8. Re1 Ng4 9. g3 Nxf3+ 10. Qxf3 Ne5 11. Qe2 Nxc4 12. Qxc4 d6 13. d4 b6 14. Bf4 Bb7 15. Rad1 Rc8 16. dxc5 bxc5 17. Nb1 Be7 18. Qd3 c4 19. Qc3 0-0 20. g4 Qc6 21. b3 d5 22. exd5 exd5 23. Qf3 Qd7 24. Qg3 cxb3 25. cxb3 d4 26. Rd3 Qd5 27. f3 Bb4 28. Red1 Rfe8 29. Nd2 g5 30. Ne4 Rxe4 31. fxe4 Qxe4 32. Bxg5 Rc2 33. R1d2 Rc1+ 34. Rd1 Qh1+ 35. Kf2 Be1+ 36. Ke2 Qe4+ 37. Re3 Rc2+ 38. Kf1 Qh1+ 0-1

[Event "Wch U14"]
[Site "Vung Tau"]
[Date "2008.10.23"]
[Round "5"]
[White "Baboyan, Eduard"]
[Black "Shen, Daniel"]
[Result "1-0"]
[WhiteElo "2170"]
[BlackElo "2044"]
[PlyCount "105"]
[EventDate "2008.10.20"]
[EventType "swiss"]
[EventRounds "11"]
[EventCountry "VIE"]
[SourceTitle "EXT 2009"]
[Source "ChessBase"]
[SourceDate "2008.11.26"]
[SourceVersion "1"]
[SourceVersionDate "2008.11.26"]
[SourceQuality "1"]

1. d4 d5 2. c4 c6 3. Nf3 Nf6 4. Nc3 e6 5. Bg5 Nbd7 6. e3 Qa5 7. Nd2 dxc4 8. Bxf6 Nxf6 9. Nxc4 Qc7 10. Rc1 Be7 11. Bd3 Bd7 12. 0-0 0-0 13. Ne5 Rfd8 14. f4 Be8 15. Ne4 Nxe4 16. Bxe4 g6 17. Qc2 Rac8 18. Nd3 a5 19. a3 b6 20. b4 axb4 21. axb4 Bd6 22. Qb3 Qe7 23. Rc3 Rc7 24. Rfc1 Rdc8 25. Qa3 Ra7 26. Qb3 Rac7 27. Bf3 c5 28. dxc5 bxc5 29. b5 Rb8 30. b6 Rcc8 31. Nb2 e5 32. g3 e4 33. Bg4 Rc6 34. Nc4 Bc7 35. b7 Kf8 36. Bc8 Bd7 37. Bxd7 Qxd7 38. Qb2 f6 39. Rb3 Bd8 40. Rb1 Qd5 41. Qc2 Qe6 42. Rd1 Ke7 43. Rb5 Ke8 44. Qa4 Ke7 45. Qb3 Bc7 46. Rd2 Ke8 47. Qa4 Ke7 48. Rb1 Ra6 49. Qb3 Ba5 50. Nxa5 Rxa5 51. Qc3 Qa6 52. Rdb2 Ra1 53. Qxc5+ 1-0

[Event "Wch U14"]
[Site "Vung Tau"]
[Date "2008.10.22"]
[Round "3"]
[White "Chan, Yi Ren Daniel"]
[Black "Shen, Daniel"]
[Result "0-1"]
[WhiteElo "2260"]
[BlackElo "2044"]
[PlyCount "44"]
[EventDate "2008.10.20"]
[EventType "swiss"]
[EventRounds "11"]
[EventCountry "VIE"]
[SourceTitle "EXT 2009"]
[Source "ChessBase"]
[SourceDate "2008.11.26"]
[SourceVersion "1"]
[SourceVersionDate "2008.11.26"]
[SourceQuality "1"]

1. e4 e5 2. Nf3 Nc6 3. d4 exd4 4. Bc4 Nf6 5. 0-0 Nxe4 6. Re1 d5 7. Bxd5 Qxd5 8. Nc3 Qa5 9. Nxe4 Be6 10. Bd2 Qh5 11. Bg5 h6 12. Bf6 Qg6 13. Nh4 Qg4 14. Qd3 Qh5 15. Nf5 Bxf5 16. Qb5 Kd7 17. Rad1 Re8 18. Rxd4+ Kc8 19. Red1 Qg6 20. Ra4 Bxe4 21. g3 Bd6 22. Rxa7 Nxa7 0-1